Statistics for 25 Oldest Universities

Click here to take the quiz!

General Stats

  • This quiz has been taken 300 times
  • The average score is 10 of 25

Answer Stats

YearCountryUniversity% Correct
1096United KingdomUniversity of Oxford
98%
1209United KingdomUniversity of Cambridge
95%
1303ItalySapienza University of Rome
78%
1348Czech RepublicCharles University of Prague
75%
1293SpainComplutense University of Madrid
73%
1321ItalyUniversity of Florence
68%
1365AustriaUniversity of Vienna
66%
1088ItalyUniversity of Bologna
64%
1224ItalyUniversity of Naples Frederico II
62%
1404ItalyUniversity of Turin
62%
1364PolandJagiellonian University
51%
1343ItalyUniversity of Pisa
39%
1386GermanyRuprecht Karl University of Heidelberg
30%
1413United KingdomUniversity of St Andrews
26%
c. 1222ItalyUniversity of Padua
25%
1357ItalyUniversity of Siena
22%
1409GermanyUniversity of Leipzig
19%
1134SpainUniversity of Salamanca
19%
1290PortugalUniversity of Coimbra
17%
1308ItalyUniversity of Perugia
11%
1293SpainUniversity of Valladolid
9%
1391ItalyUniversity of Ferrara
9%
1361ItalyUniversity of Pavia
6%
1419GermanyUniversity of Rostock
5%
1290ItalyUniversity of Macerata
1%

Score Distribution

Percentile by Number Answered

Percent of People with Each Score

Your Score History

You have not taken this quiz